Hệ thống câu hỏi và bài tập tổ chức hạch toán kế toán

Saved in:
Bibliographic Details
Main Author: Trần, Thị Cẩm Thanh (Chủ biên)
Format: Book
Published: Hà Nội Chính trị Quốc gia - Sự Thật 2014
Subjects:
Tags: Add Tag
No Tags, Be the first to tag this record!
Institutions: Trung tâm Học liệu Lê Vũ Hùng, Trường Đại học Đồng Tháp
LEADER 00887pam a22002418a 4500
001 00040729
005 20180117150153.0
008 161118s2012 ||||||Viesd
020 # # |c 16000  |a 978 604 57 0599 5 
041 0 # |a Vie 
082 1 4 |a 657.076  |b H250TH 
100 1 # |a Trần, Thị Cẩm Thanh  |e Chủ biên 
245 1 0 |a Hệ thống câu hỏi và bài tập tổ chức hạch toán kế toán  |c Trần Thị Cẩm Thanh 
260 # # |a Hà Nội  |b Chính trị Quốc gia - Sự Thật  |c 2014 
300 # # |a 79tr.  |c 19 cm. 
653 # # |a Bài tập 
653 # # |a Câu hỏi 
653 # # |a Kinh doanh 
653 # # |a Kế toán 
653 # # |a Tổ chức 
852 # # |j KD.0023178  |j KM.0024080  |j KM.0024083  |j KM.0024081  |j KM.0024082 
910 |d 17/01/2018 
980 # # |a Trung tâm Học liệu Lê Vũ Hùng, Trường Đại học Đồng Tháp